LEADER 01161nam a2200277 i 4500 001 000000185603 003 CaOOAMICUS 005 20250313141536.0 008 100209s1981 it u000 u ita u 013 $a163623 020 $a88-211-7657-6 040 $aSeMil$bita 245 13$aIl fatto religioso :$bfenomenologia, psicologia, sociologia, storia delle religioni /$cGino Ragozzino. 260 $aCasale Monferrato :$bMarietti,$c1981. 300 $a127 p. ;$c25 cm. 490 0 $aCollana teologica 650 4$aReligione.$0(OLS)http://semarc/subject/3159 700 1 $aRagozzino, Gino.$0(OLS)http://semarc/name/35082 830 0$aCollana teologica.$0(OLS)http://semarc/title/6539 850 $aSeMil 852 $aSeMil$W1$xVenegono$y1$m2X I 340$j136294$B136294$CSeMilBibl$Z2$F147830 $81 961 $aAcquisto: Distributore 996 $6020$a88-211-7657-6$9(OLS)http://semarc/number/175756 996 $6245$aIl fatto religioso :$bfenomenologia, psicologia, sociologia, storia delle religioni$9(OLS)http://semarc/title/266763 996 $6260$aCasale Monferrato :$bMarietti$9(OLS)http://semarc/publisher/29936 LEADER 01020nam a2200241 i 4500 001 000000104795 003 CaOOAMICUS 005 20020121000000.0 008 020121s1986 be u000 u grc u 013 $a76984 020 $a2503401422 040 $aSeMil$bita 100 1 $aAnonymus auctor Theognosiae .$0(OLS)http://semarc/name/44252 245 10$aDissertatio contra Iudaeos /$cAnonymi auctoris theognosiae (saec. 9./10.) ; cuius editionem principem curavit Michiel Hostens. 300 $aLXXX, 310 p. ;$c26 cm. 490 0 $aCorpus Christianorum. Series Graeca ;$v14 700 1 $aHostens, Michiel.$0(OLS)http://semarc/name/44253 830 0$aCorpus Christianorum. Series Graeca ;$v14.$0(OLS)http://semarc/title/36 850 $aSeMil 852 $aSeMil$W1$xVenegono$y1$mSL2.K I 14$j61095$B61095$CSeMilBibl$Z2$F70530 $8I 961 $aSottoscrizione: Brepols 996 $6020$a2503401422$9(OLS)http://semarc/number/84726 996 $6245$aDissertatio contra Iudaeos$9(OLS)http://semarc/title/151814